A concise Hebrew and Aramaic lexicon of the Old Testament. (Record no. 9638)
[ view plain ]
| 000 -LEADER | |
|---|---|
| fixed length control field | 01270cam a2200325 4500 |
| 001 - CONTROL NUMBER | |
| control field | 417453 |
| 003 - CONTROL NUMBER IDENTIFIER | |
| control field | OCoLC |
| 005 - DATE AND TIME OF LATEST TRANSACTION | |
| control field | 20210204115652.0 |
| 008 - FIXED-LENGTH DATA ELEMENTS--GENERAL INFORMATION | |
| fixed length control field | 720628s1971 ne d 000 0 eng |
| 010 ## - LIBRARY OF CONGRESS CONTROL NUMBER | |
| LC control number | 72181155 |
| 040 ## - CATALOGING SOURCE | |
| Original cataloging agency | DLC |
| Language of cataloging | eng |
| Transcribing agency | DLC |
| Modifying agency | BTCTA |
| -- | LVB |
| -- | STF |
| -- | GBVCP |
| -- | OCLCO |
| -- | OCLCQ |
| -- | OCLCO |
| 041 0# - LANGUAGE CODE | |
| Language code of text/sound track or separate title | engarcheb |
| 050 0# - LIBRARY OF CONGRESS CALL NUMBER | |
| Classification number | PJ4833 |
| Item number | OS81H |
| 100 1# - MAIN ENTRY--PERSONAL NAME | |
| Personal name | Holladay, William Lee. |
| 245 12 - TITLE STATEMENT | |
| Title | A concise Hebrew and Aramaic lexicon of the Old Testament. |
| Statement of responsibility, etc. | [By] William L. Holladay. Based upon the lexical work of Ludwig Koehler and Walter Baumgartner. |
| 260 ## - PUBLICATION, DISTRIBUTION, ETC. | |
| Place of publication, distribution, etc. | Leiden, |
| Name of publisher, distributor, etc. | Brill, |
| Date of publication, distribution, etc. | 1971. |
| 300 ## - PHYSICAL DESCRIPTION | |
| Extent | xix, 425 pages |
| Dimensions | 26 cm |
| 336 ## - CONTENT TYPE | |
| Content type term | text |
| Content type code | txt |
| Source | rdacontent |
| 337 ## - MEDIA TYPE | |
| Media type term | unmediated |
| Media type code | n |
| Source | rdamedia |
| 338 ## - CARRIER TYPE | |
| Carrier type term | volume |
| Carrier type code | nc |
| Source | rdacarrier |
| 630 00 - SUBJECT ADDED ENTRY--UNIFORM TITLE | |
| Uniform title | Bible. |
| Name of part/section of a work | Old Testament |
| General subdivision | Language, style. |
| 650 #0 - SUBJECT ADDED ENTRY--TOPICAL TERM | |
| Topical term or geographic name entry element | Hebrew language |
| Form subdivision | Dictionaries |
| General subdivision | English. |
| 650 #0 - SUBJECT ADDED ENTRY--TOPICAL TERM | |
| Topical term or geographic name entry element | Aramaic language |
| Form subdivision | Dictionaries |
| General subdivision | English. |
| 653 #0 - INDEX TERM--UNCONTROLLED | |
| Uncontrolled term | Aramaic language |
| -- | Dictionaries |
| -- | English |
| 653 #0 - INDEX TERM--UNCONTROLLED | |
| Uncontrolled term | Bible |
| -- | O.T |
| -- | Language, style |
| 653 #0 - INDEX TERM--UNCONTROLLED | |
| Uncontrolled term | Hebrew language |
| -- | Dictionaries |
| -- | English |
| 700 1# - ADDED ENTRY--PERSONAL NAME | |
| Personal name | Köhler, Ludwig, |
| Dates associated with a name | 1880-1956. |
| Title of a work | Lexicon in Veteris Testamenti libros. |
| 700 1# - ADDED ENTRY--PERSONAL NAME | |
| Personal name | Köhler, Ludwig, |
| Dates associated with a name | 1880-1956. |
| Title of a work | Hebräisches und aramäisches Lexikon zum Alten Testament. |
| 942 ## - ADDED ENTRY ELEMENTS (KOHA) | |
| Source of classification or shelving scheme | Dewey Decimal Classification |
| Koha item type | Books |
No items available.
